[Event "Hofheim Spring op-A 1st"]
[Site "Hofheim"]
[Date "2013.04.04"]
[Round "5"]
[White "Minko, Vladimir"]
[Black "Weiler, Dieter"]
[Result "1-0"]
[WhiteElo "2252"]
[BlackElo "2124"]
[PlyCount "89"]
[EventDate "2013.04.02"]
[EventType "swiss"]
[EventRounds "9"]
[EventCountry "GER"]
[SourceTitle "CBM 153 Extra"]
[Source "ChessBase"]
[SourceDate "2013.04.22"]
[SourceVersion "1"]
[SourceVersionDate "2013.04.22"]
[SourceQuality "1"]

1. d4 d5 2. c4 e6 3. Nf3 Nf6 4. g3 dxc4 5. Bg2 c6 6. Ne5 Bb4+ 7. Bd2 Qxd4 8. Bxb4 Qxe5 9. Na3 b5 10. f4 Qc7 11. Nxb5 cxb5 12. Bxa8 Bb7 13. Bxb7 Qxb7 14. 0-0 Qb6+ 15. Kh1 Nd5 16. Qd2 Nxb4 17. Qxb4 Na6 18. Qd2 0-0 19. Rad1 Nc5 20. Qd6 Qb7+ 21. Kg1 Ne4 22. Qd7 Qb6+ 23. Qd4 Qb7 24. Rf3 h6 25. Re3 f5 26. Ra3 a6 27. Rf3 Kh7 28. Qd7 Qb6+ 29. Kg2 Rb8 30. Qd4 Qc6 31. Qa7 Rb7 32. Qa8 Nf6 33. Rd8 Qe4 34. Kf1 b4 35. Qxa6 c3 36. Qd3 c2 37. Rc8 b3 38. axb3 Nd5 39. Qxc2 Nb4 40. Qxe4 fxe4 41. Rfc3 Nc2 42. Rxc2 Rxb3 43. R2c6 Rxb2 44. Rxe6 Rb4 45. Kf2 1-0

[Event "Werther Schloss op 19th"]
[Site "Werther"]
[Date "2013.03.23"]
[Round "4"]
[White "Hess, Christian"]
[Black "Weiler, Dieter"]
[Result "1-0"]
[WhiteElo "2268"]
[BlackElo "2117"]
[PlyCount "61"]
[EventDate "2013.03.22"]
[EventType "swiss"]
[EventRounds "7"]
[EventCountry "GER"]
[SourceTitle "CBM 153 Extra"]
[Source "ChessBase"]
[SourceDate "2013.04.22"]
[SourceVersion "1"]
[SourceVersionDate "2013.04.22"]
[SourceQuality "1"]

1. c4 e6 2. g3 d5 3. Bg2 dxc4 4. Na3 Bxa3 5. bxa3 Ne7 6. Bb2 0-0 7. Qc2 Nbc6 8. Nf3 Ng6 9. h4 f6 10. Qxc4 Qd5 11. Qc2 e5 12. h5 Nge7 13. Ng5 e4 14. Nxe4 Qe6 15. h6 g6 16. Qb3 Qxb3 17. axb3 Nd5 18. Rc1 Nce7 19. Rc5 Be6 20. Rc1 Rad8 21. Nc5 Bc8 22. e4 Nb6 23. d4 Nc6 24. d5 Ne5 25. Bxe5 fxe5 26. Bh3 Bxh3 27. Rxh3 Rf3 28. Ke2 Rdf8 29. Rh2 R8f7 30. Nd3 Nc8 31. Nxe5 1-0

[Event "Wiesbaden op 24th"]
[Site "Wiesbaden"]
[Date "2012.08.25"]
[Round "4"]
[White "Weiler, Dieter"]
[Black "Beck, Michael"]
[Result "1-0"]
[WhiteElo "2172"]
[BlackElo "1909"]
[PlyCount "57"]
[EventDate "2012.08.23"]
[EventType "swiss"]
[EventRounds "7"]
[EventCountry "GER"]
[SourceTitle "CBM 150 Extra"]
[Source "ChessBase"]
[SourceDate "2012.10.19"]
[SourceVersion "1"]
[SourceVersionDate "2012.10.19"]
[SourceQuality "1"]

1. d4 d5 2. c4 c6 3. Nf3 Nf6 4. e3 e6 5. b3 Nbd7 6. Bb2 Bd6 7. Bd3 0-0 8. 0-0 Re8 9. Ne5 Ne4 10. f3 Nef6 11. Nd2 Bf8 12. f4 g6 13. c5 Bg7 14. b4 a6 15. a4 Qc7 16. Qe2 Rf8 17. Bc3 Nxe5 18. fxe5 Ne8 19. e4 f6 20. exf6 Nxf6 21. e5 Ne8 22. Rxf8+ Bxf8 23. Rf1 Qe7 24. Nf3 Ng7 25. g4 Bd7 26. Bd2 Ne8 27. Bg5 Qg7 28. Qe3 h6 29. Bf6 1-0

[Event "Karl Mala Memorial op 15th"]
[Site "Frankfurt"]
[Date "2012.07.07"]
[Round "5"]
[White "Weiler, Dieter"]
[Black "Richters, Marc"]
[Result "1/2-1/2"]
[WhiteElo "2165"]
[BlackElo "2045"]
[PlyCount "80"]
[EventDate "2012.07.05"]
[EventType "swiss"]
[EventRounds "7"]
[EventCountry "GER"]
[SourceTitle "CBM 149 Extra"]
[Source "ChessBase"]
[SourceDate "2012.08.24"]
[SourceVersion "1"]
[SourceVersionDate "2012.08.24"]
[SourceQuality "1"]

1. d4 Nf6 2. c4 d6 3. Nf3 g6 4. g3 Bg7 5. Bg2 0-0 6. Nc3 c6 7. 0-0 Qa5 8. e4 Qh5 9. Ng5 Qxd1 10. Rxd1 h6 11. Nf3 Na6 12. h3 Nc7 13. Be3 d5 14. exd5 cxd5 15. c5 Bf5 16. Ne5 Ne4 17. Nxe4 Bxe4 18. f3 Bf5 19. g4 Be6 20. f4 Kh7 21. Bf3 Rad8 22. Be2 f5 23. Kh2 Ne8 24. Rg1 fxg4 25. hxg4 Nf6 26. Nxg6 Kxg6 27. f5+ Kf7 28. fxe6+ Kxe6 29. Bd3 Ne4 30. Rgf1 Bf6 31. Rf5 Rg8 32. Be2 b6 33. cxb6 axb6 34. Rc1 Rc8 35. Rxc8 Rxc8 36. Bd3 Bg5 37. Bxe4 dxe4 38. Bxg5 hxg5 39. Rxg5 Rc2+ 40. Kg3 Rxb2 1/2-1/2

[Event "Wiesbaden op 23rd"]
[Site "Wiesbaden"]
[Date "2011.08.28"]
[Round "6"]
[White "Weiler, Dieter"]
[Black "Schupp, Tobias"]
[Result "1/2-1/2"]
[WhiteElo "2142"]
[BlackElo "2041"]
[PlyCount "51"]
[EventDate "2011.08.25"]
[EventType "swiss"]
[EventRounds "7"]
[EventCountry "GER"]
[SourceTitle "CBM 144 Extra"]
[Source "ChessBase"]
[SourceDate "2011.10.28"]
[SourceVersion "1"]
[SourceVersionDate "2011.10.28"]
[SourceQuality "1"]

1. d4 Nf6 2. c4 c5 3. d5 d6 4. Nc3 g6 5. g3 Bg7 6. Bg2 0-0 7. Nf3 Na6 8. 0-0 Bg4 9. h3 Bxf3 10. Bxf3 Nd7 11. e4 Nc7 12. Be2 a6 13. a4 Bd4 14. Kg2 e6 15. f4 exd5 16. cxd5 f5 17. exf5 Rxf5 18. Bd3 Rf8 19. Qc2 Kg7 20. Bd2 Rb8 21. Rfe1 b5 22. axb5 axb5 23. Rad1 Re8 24. Rxe8 Qxe8 25. Re1 Qf7 26. Be4 1/2-1/2

[Event "Wiesbaden op 23rd"]
[Site "Wiesbaden"]
[Date "2011.08.27"]
[Round "4"]
[White "Weiler, Dieter"]
[Black "Nagel, Bernhard"]
[Result "0-1"]
[WhiteElo "2142"]
[BlackElo "2277"]
[PlyCount "96"]
[EventDate "2011.08.25"]
[EventType "swiss"]
[EventRounds "7"]
[EventCountry "GER"]
[SourceTitle "CBM 144 Extra"]
[Source "ChessBase"]
[SourceDate "2011.10.28"]
[SourceVersion "1"]
[SourceVersionDate "2011.10.28"]
[SourceQuality "1"]

1. d4 Nf6 2. c4 e6 3. g3 Bb4+ 4. Bd2 Qe7 5. Nf3 Nc6 6. Nc3 Bxc3 7. Bxc3 d5 8. Bg2 Ne4 9. 0-0 0-0 10. Nd2 Nxc3 11. bxc3 dxc4 12. Nxc4 Bd7 13. a4 Rab8 14. Qc2 f6 15. f4 Nd8 16. Be4 h6 17. Bf3 Nf7 18. e4 e5 19. Ne3 c6 20. Rfe1 Rbd8 21. Rad1 Bc8 22. Qb3 Kh7 23. Nc4 Nd6 24. Nxd6 Qxd6 25. dxe5 Qc5+ 26. Kg2 fxe5 27. f5 b5 28. a5 Qe7 29. Rxd8 Rxd8 30. Rd1 Rxd1 31. Qxd1 Qd7 32. Qb3 c5 33. Qa3 Qd2+ 34. Kh3 Qe3 35. Bh5 Qg5 36. g4 Qe3+ 37. Kh4 Qf2+ 38. Kh3 Qf3+ 39. Kh4 Qg2 40. c4 Qxh2+ 41. Qh3 Qxh3+ 42. Kxh3 bxc4 43. g5 hxg5 44. Bd1 Ba6 45. Kg4 c3 46. Bc2 Kh6 47. Kg3 Bc4 48. Kf2 g4 0-1

[Event "Rheinland Pfalz op 3rd"]
[Site "Gau Algesheim"]
[Date "2011.07.29"]
[Round "2"]
[White "Weiler, Dieter"]
[Black "Bonk, Andras"]
[Result "1-0"]
[WhiteElo "2142"]
[BlackElo "1938"]
[PlyCount "103"]
[EventDate "2011.07.28"]
[EventType "swiss"]
[EventRounds "7"]
[EventCountry "GER"]
[SourceTitle "EXT 2013"]
[Source "ChessBase"]
[SourceDate "2012.11.22"]
[SourceVersion "1"]
[SourceVersionDate "2012.11.22"]
[SourceQuality "1"]

1. d4 Nf6 2. c4 e6 3. g3 Bb4+ 4. Bd2 a5 5. Bg2 d5 6. Nf3 dxc4 7. 0-0 Bxd2 8. Nbxd2 b5 9. a4 c6 10. Ne5 Nd5 11. Ne4 f6 12. Nf3 Na6 13. Qd2 Nab4 14. Nc5 0-0 15. e4 Nb6 16. e5 Ra7 17. exf6 gxf6 18. Rfe1 e5 19. Rad1 Nxa4 20. Nxa4 bxa4 21. Qc3 Ba6 22. dxe5 Nd3 23. Re4 Qb6 24. Rd2 Qb3 25. Qd4 c5 26. Qd5+ Kh8 27. exf6 c3 28. Qd6 cxd2 29. Qxf8+ Qg8 30. Qxg8+ Kxg8 31. Nxd2 Nxb2 32. Rg4+ Kf8 33. Bd5 Rf7 34. Bxf7 Kxf7 35. Ne4 a3 36. Rg7+ Kf8 37. Ng5 Bc4 38. Nxh7+ Ke8 39. Re7+ Kd8 40. Re1 a2 41. Ng5 Nd3 42. f7 Nxe1 43. f8Q+ Kd7 44. Qg7+ Kd8 45. Qc3 Nc2 46. Qxa5+ Kd7 47. Qa4+ Kd8 48. Qxc4 a1Q+ 49. Kg2 Ne1+ 50. Kh3 Qd1 51. Qg8+ Kc7 52. Ne6+ 1-0

[Event "Stuttgart-chA int"]
[Site "Ditzingen"]
[Date "2010.05.15"]
[Round "6"]
[White "Weiler, Dieter"]
[Black "Stein, Carsten"]
[Result "1/2-1/2"]
[WhiteElo "2202"]
[BlackElo "1977"]
[PlyCount "37"]
[EventDate "2010.05.13"]
[EventType "swiss"]
[EventRounds "7"]
[EventCountry "GER"]
[SourceTitle "EXT 2018"]
[Source "ChessBase"]
[SourceDate "2017.10.13"]
[SourceVersion "1"]
[SourceVersionDate "2017.10.13"]
[SourceQuality "1"]

1. d4 d5 2. Nf3 e6 3. e3 c6 4. c4 f5 5. Bd3 Nf6 6. 0-0 Bd6 7. b3 0-0 8. Ba3 Ne4 9. Bxd6 Qxd6 10. Ne5 Nd7 11. Nxd7 Bxd7 12. f3 Nf6 13. Nc3 Rae8 14. c5 Qc7 15. f4 Ne4 16. Nxe4 fxe4 17. Be2 Rf6 18. Bg4 Ref8 19. Qe2 1/2-1/2

[Event "Boeblingen op 23rd"]
[Site "Boeblingen"]
[Date "2006.12.30"]
[Round "8"]
[White "Weiler, Dieter"]
[Black "Beck, Frederik"]
[Result "0-1"]
[WhiteElo "2197"]
[BlackElo "2327"]
[PlyCount "66"]
[EventDate "2006.12.26"]
[EventType "swiss"]
[EventRounds "9"]
[EventCountry "GER"]
[SourceTitle "CBM 116 Extra"]
[Source "ChessBase"]
[SourceDate "2007.03.07"]
[SourceVersion "1"]
[SourceVersionDate "2007.03.07"]
[SourceQuality "1"]

1. d4 Nf6 2. Nf3 c5 3. d5 b5 4. Bg5 Ne4 5. Bf4 Bb7 6. Qd3 f5 7. Nc3 c4 8. Qd4 Na6 9. Nxe4 fxe4 10. Qxe4 Nb4 11. c3 Nxd5 12. Bg3 e6 13. Nd4 Qb6 14. Qc2 b4 15. e3 bxc3 16. bxc3 Nxc3 17. Bxc4 Bxg2 18. Rg1 Be4 19. Qb3 Qa5 20. Kf1 Be7 21. f3 Bd5 22. Be1 Qc5 23. Bxd5 Nxd5 24. Bd2 0-0 25. Rc1 Qd6 26. Kg2 Bf6 27. Nb5 Nf4+ 28. exf4 Qxd2+ 29. Kh1 Qxf4 30. Rc4 Qe5 31. Re4 Qh5 32. Reg4 Rab8 33. Rb4 a5 0-1

[Event "Stuttgart-chA"]
[Site "Stuttgart"]
[Date "2004.??.??"]
[Round "?"]
[White "Azemi, Flamur"]
[Black "Weiler, Dieter"]
[Result "1-0"]
[WhiteElo "1940"]
[BlackElo "2195"]
[PlyCount "82"]
[EventDate "2004.05.20"]
[EventType "swiss"]
[EventRounds "7"]
[EventCountry "GER"]
[SourceTitle "EXT 2007"]
[Source "ChessBase"]
[SourceDate "2006.11.23"]
[SourceVersion "1"]
[SourceVersionDate "2006.11.23"]
[SourceQuality "1"]

1. c4 e6 2. Nc3 d5 3. cxd5 exd5 4. d4 c6 5. Nf3 Bd6 6. Bg5 Ne7 7. e3 Bf5 8. Bd3 Bg6 9. 0-0 f6 10. Bh4 Bxd3 11. Qxd3 0-0 12. Rab1 a5 13. a3 Na6 14. Bg3 Re8 15. Rfc1 b5 16. Ne2 a4 17. Nh4 g6 18. Nc3 Bxg3 19. hxg3 f5 20. Nf3 Nb8 21. Ne5 Nd7 22. Ne2 Rc8 23. Rc3 Nb8 24. Rbc1 Qd6 25. Qc2 g5 26. g4 fxg4 27. Nxg4 h5 28. Ne5 h4 29. f4 gxf4 30. exf4 Qe6 31. g4 Kg7 32. Rf1 Ng8 33. Qd2 Nf6 34. f5 Ne4 35. Qf4 Qf6 36. Rh3 c5 37. Nf3 Rf8 38. Rxh4 Nc6 39. Kg2 cxd4 40. Rfh1 Rh8 41. g5 Nxg5 1-0

[Event "Oberliga Hessen"]
[Site "Hessen"]
[Date "1991.??.??"]
[Round "?"]
[White "Weiler, Dieter"]
[Black "Falk, Ulrich"]
[Result "1/2-1/2"]
[WhiteElo "2255"]
[BlackElo "2240"]
[PlyCount "149"]
[EventDate "1991.10.??"]
[EventType "team"]
[EventRounds "1"]
[EventCountry "GER"]
[SourceTitle "GER"]
[Source "ChessBase"]
[SourceDate "1999.07.01"]
[SourceVersion "1"]
[SourceVersionDate "1999.07.01"]
[SourceQuality "1"]

1. d4 Nf6 2. c4 g6 3. Nc3 d5 4. cxd5 Nxd5 5. e4 Nxc3 6. bxc3 Bg7 7. Qa4+ Nd7 8. Nf3 0-0 9. Bg5 h6 10. Be3 c5 11. Rc1 Nb6 12. Qb3 cxd4 13. cxd4 Bg4 14. Be2 Bxf3 15. Bxf3 Bxd4 16. Bxh6 Re8 17. h4 Rc8 18. h5 Rxc1+ 19. Bxc1 Qc7 20. Bd2 Qc4 21. hxg6 Qxb3 22. axb3 fxg6 23. Bg4 e6 24. Ke2 Nd7 25. Be3 Bxe3 26. Kxe3 Nf6 27. Be2 e5 28. Rc1 Re7 29. Rc8+ Kg7 30. Bc4 b6 31. Bb5 g5 32. Bc6 Rf7 33. f3 Re7 34. g3 Rf7 35. Bd5 Rd7 36. Be6 Re7 37. Bf5 Nh5 38. Kf2 Nf6 39. Rc6 Kf7 40. Ke3 Re8 41. Rc7+ Re7 42. Rc6 Re8 43. Kd3 Re7 44. Kc3 Kg7 45. Kc4 Kf7 46. Kb5 Nd7 47. Rg6 Nc5 48. b4 Nb3 49. Rxg5 Nd4+ 50. Kc4 Nxf3 51. Rh5 a5 52. bxa5 bxa5 53. Rh7+ Kf6 54. Rh6+ Kg5 55. Rg6+ Kh5 56. Ra6 Rg7 57. g4+ Kg5 58. Rxa5 Kf4 59. Ra8 Rc7+ 60. Kd5 Rb7 61. Rf8 Rb5+ 62. Kd6 Ra5 63. Bd7+ Ke3 64. Bc6 Ng5 65. Rf6 Nxe4+ 66. Bxe4 Kxe4 67. g5 Ra6+ 68. Ke7 Ra7+ 69. Kf8 Ra8+ 70. Kf7 Ra7+ 71. Kf8 Ra8+ 72. Kg7 Ke3 73. g6 e4 74. Rf8 Ra1 75. Kf6 1/2-1/2